Представление документа в формате RUSMARC

ПолеНазваниеЗначение
  Тип записи a
  Библиографический уровень m
001 Контрольный номер RU/REG73/CBS_GRAD/63884a3bcf184d9bbdef14304b96d4dd
005 Дата корректировки 20260403133237.7
010 Индекс ISBN __
d Цена 15 к.
9 Тираж 5000 экз.
100 Данные общей обработки __
a Данные общей обработки 20260403d1988 u y0rusy0189## ca
101 Язык документа 0_
a Язык текста rus
102 Страна публикации __
a Страна публикации RU
105 Кодированные данные (монография) __
a Кодированные данные (монография) y z 000ay
200 Заглавие и сведения об ответственности 1_
f Первые сведения об ответственности Н. И. Яценко
g Последующие сведения об ответственности редактор С.П. Волошин
a Заглавие Уроки общения
203 Вид содержания и тип средства __
a Вид содержания Текст
b Характеристика содержания визуальное
c Тип средства непосредственный
210 Выходные данные 1_
a Место издания Саратов
c Издательство Приволжское книжное издательство
d Дата издания 1988
215 Физическое описание __
a Объем 112 с.
d Формат 17 см
606 Тематические рубрики 0_
a Основная рубрика Книговедение
610 Ключевые слова 0_
a Ключевые слова общение посредством книги
686 Индексы других классификаций __
a Классификационный индекс 76.1
2 Код системы rubbk
700 Автор _1
a Фамилия Яценко
b Имя (инициалы) Николай Ильич
g Полное личное имя Н. И.
4 Код отношения 070
702 Вторичная интеллектуальная ответственность _1
a Фамилия Волошин
b Имя (инициалы) С.П.
4 Код отношения 340
801 Источник записи _0
a Страна RU
b Организация RuCBSGrad
c Дата составления 20260403
g Правила каталогизации RCR
801 Источник записи _1
a Страна RU
b Организация RuCBSGrad
c Дата составления 20260403
g Правила каталогизации RCR
852 Данные о местонахождении __
a Наименование организации МБУК "ЦБС г. Димитровград"
i Авторский знак Я 92
z Тип записи R
901 Тип документа __
t Тип документа m
909 Создатель записи __
a Создатель записи Емангулова
b Дата создания записи 20260403